-
GLVNN , MICHAEL , AND DRAKE , WILLIAM M
Entry Personal Name
Number of records used in: 1
001 - CONTROL NUMBER
003 - CONTROL NUMBER IDENTIFIER
005 - DATE AND TIME OF LATEST TRANSACTION
- control field:
20221221122726.0
008 - FIXED-LENGTH DATA ELEMENTS
- fixed length control field:
221221|| aca||aabn | a|a d
040 ## - CATALOGING SOURCE
- Original cataloging agency:
OSt
- Transcribing agency:
OSt
100 ## - HEADING--PERSONAL NAME
- Personal name:
GLVNN , MICHAEL , AND DRAKE , WILLIAM M
670 ## - SOURCE DATA FOUND
- Source citation:
Work cat.: (OSt)8185: GLVNN , MICHAEL , AND DRAKE , WILLIAM M , HUTCHISON 'S CLINICAL METHODS :AN INTEGRATED APPROCH TO CLINICAL PRACTICE , 2023